|
|
|
|
| LEADER |
03147nam a22004335i 4500 |
| 001 |
978-3-531-19631-2 |
| 003 |
DE-He213 |
| 005 |
20151120213153.0 |
| 007 |
cr nn 008mamaa |
| 008 |
120828s2012 gw | s |||| 0|eng d |
| 020 |
|
|
|a 9783531196312
|9 978-3-531-19631-2
|
| 024 |
7 |
|
|a 10.1007/978-3-531-19631-2
|2 doi
|
| 040 |
|
|
|d GrThAP
|
| 050 |
|
4 |
|a BF1-990
|
| 072 |
|
7 |
|a JM
|2 bicssc
|
| 072 |
|
7 |
|a PSY000000
|2 bisacsh
|
| 082 |
0 |
4 |
|a 150
|2 23
|
| 245 |
1 |
0 |
|a Democratic Competences and Social Practices in Organizations
|h [electronic resource] /
|c edited by Wolfgang G. Weber, Michael Thoma, Annette Ostendorf, Lynne Chisholm.
|
| 264 |
|
1 |
|a Wiesbaden :
|b VS Verlag für Sozialwissenschaften :
|b Imprint: VS Verlag für Sozialwissenschaften,
|c 2012.
|
| 300 |
|
|
|a 192 p. 4 illus.
|b online resource.
|
| 336 |
|
|
|a text
|b txt
|2 rdacontent
|
| 337 |
|
|
|a computer
|b c
|2 rdamedia
|
| 338 |
|
|
|a online resource
|b cr
|2 rdacarrier
|
| 347 |
|
|
|a text file
|b PDF
|2 rda
|
| 505 |
0 |
|
|a Introduction: Whither Democracy in Everyday Social Life? -- The Democratization of Markets through Participative and Collaborative Practises -- The European Citizens' Initiative: Empowering Political Participation in the EU? -- Participation in Schools – a Classification Concept -- Moral Competence and Democratic Ways of Life -- Images of Corporate Participation and Democratic Structures in Business Administration Textbooks used in Higher Vocational Schools in Austria, Switzerland and Germany -- Co-determination in Times of Economic Crisis: Changes in the Social Positioning of Works Councillors? -- The Analysis of Preconditions for the Fostering of Democratic Behavioural Orientations in Business Organizations – The ODEM Questionnaire (POPD) -- Changing Police Managers’ Attitudes towards Participative Management:Translating Research-based Knowledge into Practical Solutions -- Innovatory Qualifications at Work -- Post-democracy and Engaged Citizenship – The Case of Attac.
|
| 520 |
|
|
|a The contributions in this book address the question of how to develop and foster democratic competences. This may take place via school curricula, resource materials and teaching/learning methods; in workplaces by means of formalised arrangements that encourage self-direction and through the informal processes engendered by expansive working environments; and in personal and community life, including in the course of incidental learning in social networks. The studies and analyses are somewhat nonconformist in its thematic spread and its boundary-crossing between disciplines and perspectives that conventionally live separate lives.
|
| 650 |
|
0 |
|a Psychology.
|
| 650 |
1 |
4 |
|a Psychology.
|
| 650 |
2 |
4 |
|a Psychology, general.
|
| 700 |
1 |
|
|a Weber, Wolfgang G.
|e editor.
|
| 700 |
1 |
|
|a Thoma, Michael.
|e editor.
|
| 700 |
1 |
|
|a Ostendorf, Annette.
|e editor.
|
| 700 |
1 |
|
|a Chisholm, Lynne.
|e editor.
|
| 710 |
2 |
|
|a SpringerLink (Online service)
|
| 773 |
0 |
|
|t Springer eBooks
|
| 776 |
0 |
8 |
|i Printed edition:
|z 9783531196305
|
| 856 |
4 |
0 |
|u http://dx.doi.org/10.1007/978-3-531-19631-2
|z Full Text via HEAL-Link
|
| 912 |
|
|
|a ZDB-2-BHS
|
| 950 |
|
|
|a Behavioral Science (Springer-11640)
|